| 000 | 00764cam a22002413a 4500 | ||
|---|---|---|---|
| 001 | 31766 | ||
| 003 | PGUSA | ||
| 005 | 20140828083704.0 | ||
| 008 | 100325s2010||||xxu|||||s|||||000 | eng d | ||
| 040 |
_aPGUSA _beng |
||
| 042 | _adc | ||
| 050 | 4 | _aPE | |
| 100 | 1 | _aBurgess, Walton | |
| 245 | 1 | 0 |
_aFive Hundred Mistakes of Daily Occurrence in Speaking, Pronouncing, and Writing the English Language, Corrected _h[electronic resource] / _cWalton Burgess |
| 260 |
_bProject Gutenberg, _c2010 |
||
| 506 | _aPublic domain in the USA. | ||
| 516 | _aElectronic text | ||
| 653 | _aEnglish language -- Errors of usage | ||
| 653 | _aEnglish language -- Usage | ||
| 830 | 0 |
_aProject Gutenberg _v31766 |
|
| 856 | 4 | 0 | _uhttp://www.gutenberg.org/ebooks/31766 |
| 942 | _cEB | ||
| 999 |
_c261021 _d261021 |
||